000 00298nam a2200109Ia 4500
001 1275948
005 20260417160437.0
008 260417s9999 xx 000 0 und d
020 _a9786256495111
245 0 _aŞahin Bey ve Gönlübollar’ın Zaferi
_cBüşra Şen Altun
260 _bKetebe Çocuk
999 _c1275948
_d1275948